000
00288nam a2200109Ia 4500
008
230907s9999||||xx |||||||||||||| ||und||
082
_a
720.472
_b
GRI
100
_a
Grinnell, Scott,
_9
115671
245
0
_a
Renewable energy & sustainable design /
300
_a
xiv, 306 pages :
942
_c
BK
999
_c
599103
_d
599103